000
00325 a2200157 4500
001
59045
020
_a
040
_c
Anchieta - Pituba
100
_a
Valadão, Hélio
240
1
0
_a
Santo Antônio de Jesus
_l
por
245
1
0
_a
Santo Antônio de Jesus
300
_a
153
362
0
_a
2005
650
4
_a
Bahia
942
_c
BK
999
_c
59045
_d
59045